书目信息 |
| 题名: |
消费时代的电视体育批判与重构
|
|
| 作者: | 王庆军 著 | |
| 分册: | ||
| 出版信息: | 北京 光明日报出版社 2020 |
|
| 页数: | 264页 | |
| 开本: | 24cm | |
| 丛书名: | 光明社科文库 | |
| 单 册: | ||
| 中图分类: | G222.3 | |
| 科图分类: | ||
| 主题词: | 体育--电视节目--研究--中国 | |
| 电子资源: | ||
| ISBN: | 978-7-5194-5607-8 | |
| 000 | 00937oam2 2200253 450 | |
| 001 | 2341790469 | |
| 005 | 20231204113639.17 | |
| 010 | @a978-7-5194-5607-8@b精装@dCNY95.00 | |
| 100 | @a20200713d2020 kemy0chiy50 ea | |
| 101 | 0 | @achi |
| 102 | @aCN@b110000 | |
| 105 | @ay v 000yy | |
| 200 | 1 | @a消费时代的电视体育批判与重构@Axiao fei shi dai de dian shi ti yu pi pan yu chong gou@f王庆军著 |
| 210 | @a北京@c光明日报出版社@d2020 | |
| 215 | @a264页@d24cm | |
| 225 | 1 | @a光明社科文库 |
| 300 | @a光明版 | |
| 330 | @a本书共六章,内容包括:理解电视与体育:一个文化史的视角; 与消费共舞:消费时代的电视体育; 凝视的快感:电视体育的文本诉求;为消费而生产:电视体育的文化策略;消费时代的电视体育:在批判中审视;消费时代中国电视体育的理性重建。 | |
| 410 | 0 | @12001 @a光明社科文库 |
| 606 | 0 | @a体育@x电视节目@x研究@y中国 |
| 690 | @aG222.3@v5 | |
| 701 | 0 | @a王庆军@Awang qing jun@4著 |
| 801 | 0 | @aCN@b91MARC@c20200713 |
| 905 | @aZUCC@dG222.3@e14 | |
| 消费时代的电视体育批判与重构/王庆军著.-北京:光明日报出版社,2020 |
| 264页;24cm.-(光明社科文库) |
| 光明版 |
| ISBN 978-7-5194-5607-8(精装):CNY95.00 |
| 本书共六章,内容包括:理解电视与体育:一个文化史的视角; 与消费共舞:消费时代的电视体育; 凝视的快感:电视体育的文本诉求;为消费而生产:电视体育的文化策略;消费时代的电视体育:在批判中审视;消费时代中国电视体育的理性重建。 |
| ● |
| 相关链接 |
|
|
|
正题名:消费时代的电视体育批判与重构
索取号:G222.3/14
 
预约/预借
| 序号 | 登录号 | 条形码 | 馆藏地/架位号 | 状态 | 备注 |
| 1 | 2001258811 | 2001258811 | 辽宁北方(第一批)/辽宁北方(第一批)/134/ [索取号:G222.3/14] | 在馆 | |
| 2 | 2001258812 | 2001258812 | 辽宁北方(第一批)/辽宁北方(第一批)/134/ [索取号:G222.3/14] | 在馆 | |
| 3 | 2001258813 | 2001258813 | 辽宁北方(第一批)/辽宁北方(第一批)/134/ [索取号:G222.3/14] | 在馆 | |
| 4 | 2001258814 | 2001258814 | 辽宁北方(第一批)/辽宁北方(第一批)/134/ [索取号:G222.3/14] | 在馆 | |
| 5 | 2001258815 | 2001258815 | 辽宁北方(第一批)/辽宁北方(第一批)/134/ [索取号:G222.3/14] | 在馆 | |
| 6 | 2001258816 | 2001258816 | 辽宁北方(第一批)/辽宁北方(第一批)/134/ [索取号:G222.3/14] | 在馆 |